| 000 | 00656nam a2200181Ia 4500 | ||
|---|---|---|---|
| 999 |
_c2725 _d2725 |
||
| 003 | DO-SdBJH | ||
| 005 | 20180416230641.0 | ||
| 008 | 180414s9999 dr 000 0 spa d | ||
| 040 |
_aDO-SdBJH _bspa _cDO-SdBJH |
||
| 090 | _aDM FM 7-20 1992 | ||
| 110 | _aInstituto de Cooperación para la Seguridad Hemisférica | ||
| 245 | 1 | 0 | _aFM 7-20 Batallon de infantería / Instituto de Cooperación para la Seguridad Hemisférica |
| 260 | _aFuerte Benning, Georgia : Cuartel General Secretaría del Ejército, 1992 | ||
| 300 | _axii, 334 páginas en varias paginaciones | ||
| 504 | _aIncluye apéndices | ||
| 650 | 4 | _aBatallón -- Infantería | |
| 942 |
_2ddc _cBK |
||